PFA Team of the Year in Premier League Era - Statistics

General Stats
  • This quiz has been taken 96 times
  • The average score is 274 of 352
Answer Stats
Hint Answer % Correct
MF Cristiano Ronaldo
98%
MF Ryan Giggs
98%
Nemanja Vidić
96%
Bernardo Silva
94%
David de Gea
94%
David Silva
94%
Dele Alli
94%
Ederson
94%
Harry Kane
94%
Jamie Vardy
94%
Kevin De Bruyne
94%
Sergio Agüero
94%
MF Steven Gerrard
94%
FW Thierry Henry
94%
Virgil van Dijk
94%
FW Alan Shearer
93%
FW Andy Cole
93%
DF Ashley Cole
93%
Dimitar Berbatov
93%
Erling Haaland
93%
Gareth Bale
93%
MF Joe Cole
93%
Kyle Walker
93%
FW Les Ferdinand
93%
Mohamed Salah
93%
FW Wayne Rooney
93%
Alisson
91%
Andrew Robertson
91%
Didier Drogba
91%
Eden Hazard
91%
Edwin van der Sar
91%
MF Frank Lampard
91%
DF John Terry
91%
N'Golo Kanté
91%
MF Paul Scholes
91%
DF Rio Ferdinand
91%
MF Roy Keane
91%
Sadio Mané
91%
MF Steve Stone
91%
Trent Alexander-Arnold
91%
Bukayo Saka
89%
Fernando Torres
89%
Jan Vertonghen
89%
Martin Ødegaard
89%
Phil Foden
89%
Raheem Sterling
89%
Robin van Persie
89%
FW Ruud van Nistelrooy
89%
Son Heung-min
89%
Trent Alexander-Arnold
89%
Vincent Kompany
89%
Yaya Touré
89%
Alexis Sánchez
87%
John Stones
87%
Luis Suárez
87%
Pierre-Emerick Aubameyang
87%
Riyad Mahrez
87%
Rodri
87%
Rúben Dias
87%
Aaron Ramsdale
85%
Branislav Ivanović
85%
MF David Beckham
85%
David Raya
85%
Gabriel
85%
DF Gary Neville
85%
Jordan Henderson
85%
Luke Shaw
85%
MF Patrick Vieira
85%
GK Petr Čech
85%
Philippe Coutinho
85%
DF Stephen Carr
85%
William Saliba
85%
Antonio Rüdiger
83%
Dimitri Payet
83%
Nani
83%
Nemanja Matić
83%
Nick Pope
83%
Ollie Watkins
83%
Pablo Zabaleta
83%
GK Peter Schmeichel
83%
Rúben Dias
83%
Thiago
83%
Bruno Fernandes
81%
Carlos Tevez
81%
Daniel Sturridge
81%
Danny Rose
81%
Declan Rice
81%
Diego Costa
81%
Gary Cahill
81%
İlkay Gündoğan
81%
João Cancelo
81%
Joe Hart
81%
Patrice Evra
81%
Romelu Lukaku
81%
Cesc Fàbregas
80%
Christian Eriksen
80%
David Luiz
80%
FW Dennis Bergkamp
80%
Emmanuel Adebayor
80%
Fernandinho
80%
FW Nicolas Anelka
80%
Paul Pogba
80%
Séamus Coleman
80%
Toby Alderweireld
80%
FW Eric Cantona
78%
DF Jaap Stam
78%
Juan Mata
78%
Kieran Trippier
78%
Wes Morgan
78%
Antonio Valencia
76%
FW Dwight Yorke
76%
GK Fabien Barthez
76%
DF Jamie Carragher
76%
Nicolás Otamendi
76%
GK Tim Howard
76%
Aymeric Laporte
74%
GK David Seaman
74%
Héctor Bellerín
74%
Leighton Baines
74%
Marcos Alonso
74%
DF Alan Wright
72%
FW Ian Wright
72%
DF Mark Wright
72%
Michael Carrick
72%
FW Michael Owen
72%
MF Robert Pires
72%
DF Tony Adams
72%
Adam Lallana
70%
MF Arjen Robben
70%
Gaël Clichy
70%
James Milner
70%
Çağlar Söyüncü
69%
Darren Fletcher
69%
DF Denis Irwin
69%
DF Sol Campbell
69%
GK David James
67%
GK Shay Given
67%
Bacary Sagna
65%
GK Brad Friedel
65%
DF Sami Hyypiä
65%
Jack Wilshere
63%
FW Kevin Phillips
63%
Samir Nasri
63%
FW Andrew Johnson
61%
Ashley Young
61%
Glen Johnson
61%
FW Teddy Sheringham
61%
MF Harry Kewell
59%
MF Matt Le Tissier
59%
Thomas Vermaelen
59%
FW Chris Sutton
57%
DF Lauren
57%
MF Ruud Gullit
57%
MF Shaun Wright-Phillips
57%
DF William Gallas
57%
MF David Ginola
54%
MF Gary Speed
54%
FW Jürgen Klinsmann
54%
MF Emmanuel Petit
50%
Ryan Bertrand
50%
Fabricio Coloccini
48%
GK Tim Flowers
48%
MF Tim Sherwood
48%
DF Gary Pallister
46%
DF Gary Pallister
44%
MF Nicky Butt
44%
MF Paul Ince
44%
DF Wes Brown
43%
DF Graeme Le Saux
37%
Scott Parker
37%
DF Paul McGrath
35%
Richard Dunne
35%
MF Steve McManaman
33%
MF Rob Lee
30%
DF Colin Hendry
28%
MF Kieron Dyer
28%
FW Peter Beardsley
28%
DF Rob Jones
28%
DF Ian Harte
26%
GK Nigel Martyn
26%
DF Pascal Chimbonda
26%
DF Sylvinho
26%
MF David Batty
24%
DF Steve Finnan
24%
DF Gary Kelly
22%
MF Gary McAllister
19%
DF Stig Inge Bjørnebye
19%
DF Wayne Bridge
17%
DF David Bardsley
9%
DF Tony Dorigo
9%
DF Ugo Ehiogu
9%
No matching quizzes found
Score Distribution
Percent of People with Each Score
Percentile by Number Answered
Your Score History
You have not taken this quiz